[Event "4NCL Division 4 South"]
[Site "Reading, ENG"]
[Date "2016.11.27"]
[Round "2.125"]
[White "Conner, Rory"]
[Black "Davis, Holden"]
[Result "0-1"]
[WhiteElo "1180"]
[BlackElo "1756"]
[PlyCount "100"]
[EventDate "2016.11.27"]
[WhiteTeam "Barnet Knights 4"]
[BlackTeam "Cambridge University 3"]

1. e4 e6 2. d4 d5 3. Nd2 Nf6 4. e5 Nfd7 5. Bd3 c5 6. c3 Nc6 7. Ne2 cxd4 8. cxd4
f6 9. exf6 Nxf6 10. Nf3 Bd6 11. O-O Qc7 12. a3 O-O 13. Qb3 Nh5 14. Qc2 g6 15.
Bh6 Ng7 16. Qd2 e5 17. dxe5 Nxe5 18. Nxe5 Bxe5 19. Ng3 Qb6 20. Rab1 Rf7 21. Be2
Be6 22. Be3 Qd6 23. Rbc1 b6 24. Bf3 Rd8 25. Rfd1 Nf5 26. Bg5 Bf6 27. Bxf6 Rxf6
28. Nxf5 Rxf5 29. Bg4 Re5 30. Bxe6+ Qxe6 31. Re1 Re8 32. Rxe5 Qxe5 33. h3 d4
34. Rc4 Rd8 35. g3 d3 36. b4 Qe2 37. Qxe2 dxe2 38. Rc1 Rd1+ 39. Rxd1 exd1=Q+
40. Kg2 Qb3 41. h4 Qxa3 42. Kh3 Qxb4 43. Kg2 a5 44. Kh3 a4 45. Kg2 a3 46. Kh3
a2 47. Kg2 Qg4 48. h5 a1=R 49. hxg6 Qe4+ 50. Kh3 Rh1# 0-1

[Event "4NCL Division 4 South"]
[Site "Reading, ENG"]
[Date "2016.11.27"]
[Round "2.126"]
[White "Breed, Greg J"]
[Black "Carter, Gavin"]
[Result "1-0"]
[WhiteElo "1781"]
[BlackElo "1075"]
[PlyCount "49"]
[EventDate "2016.11.27"]
[WhiteTeam "Cambridge University 3"]
[BlackTeam "Barnet Knights 4"]

1. e4 d5 2. exd5 Qxd5 3. Nc3 Qa5 4. d4 Nf6 5. Bc4 e6 6. Nf3 Be7 7. O-O c6 8.
Qd3 b5 9. Bb3 Ba6 10. Ne4 b4 11. Nxf6+ Bxf6 12. Bc4 Bxc4 13. Qxc4 O-O 14. Bd2
Qb5 15. Qxb4 Qxb4 16. Bxb4 Rd8 17. Rfd1 a5 18. Bd2 Nd7 19. Bf4 Ra7 20. g4 g6
21. Ne5 Nxe5 22. dxe5 Rxd1+ 23. Rxd1 Bg7 24. Rd8+ Bf8 25. Bh6 1-0

[Event "4NCL Division 4 South"]
[Site "Reading, ENG"]
[Date "2016.11.27"]
[Round "2.131"]
[White "Akeya-Price, Robert"]
[Black "Higgie, Charles L"]
[Result "1/2-1/2"]
[WhiteElo "1694"]
[BlackElo "1945"]
[PlyCount "43"]
[EventDate "2016.11.27"]
[WhiteTeam "Wood Green MM 3"]
[BlackTeam "Shropshire 2"]

1. d4 Nf6 2. c4 g6 3. Nc3 d5 4. cxd5 Nxd5 5. e4 Nxc3 6. bxc3 Bg7 7. Be3 O-O 8.
Nf3 c5 9. Rc1 cxd4 10. cxd4 Bg4 11. Be2 Qa5+ 12. Qd2 Qxd2+ 13. Kxd2 Nc6 14. d5
Rfd8 15. h3 Bxf3 16. Bxf3 Rac8 17. Ke2 Nd4+ 18. Bxd4 Bxd4 19. Bg4 Rc5 20. Rxc5
Bxc5 21. Rc1 b6 22. Bf3 1/2-1/2

[Event "4NCL Division 4 South"]
[Site "Reading, ENG"]
[Date "2016.11.27"]
[Round "2.132"]
[White "Jamieson, Ian"]
[Black "Gogna, Avi"]
[Result "1-0"]
[WhiteElo "1907"]
[BlackElo "1675"]
[PlyCount "55"]
[EventDate "2016.11.27"]
[WhiteTeam "Shropshire 2"]
[BlackTeam "Wood Green MM 3"]

1. b3 Nf6 2. Bb2 g6 3. Bxf6 exf6 4. c4 Bg7 5. Nc3 O-O 6. g3 d6 7. Bg2 f5 8. e3
c6 9. Nge2 Be6 10. O-O d5 11. cxd5 cxd5 12. Nf4 Qd7 13. Nfxd5 Bxd5 14. Nxd5 Nc6
15. d4 Rac8 16. b4 b5 17. Qb3 Qd6 18. Rac1 a5 19. bxa5 Nxa5 20. Qxb5 Ra8 21.
Qc5 Qxc5 22. Rxc5 Nb7 23. Ne7+ Kh8 24. Bxb7 Ra7 25. Rc7 Rb8 26. Rb1 Rxa2 27.
Rc8+ Rxc8 28. Nxc8 1-0

[Event "4NCL Division 4 South"]
[Site "Reading, ENG"]
[Date "2016.11.27"]
[Round "2.133"]
[White "Hafstad, Leif"]
[Black "Bennion, David"]
[Result "0-1"]
[WhiteElo "1660"]
[BlackElo "1862"]
[PlyCount "56"]
[EventDate "2016.11.27"]
[WhiteTeam "Wood Green MM 3"]
[BlackTeam "Shropshire 2"]

1. e4 e6 2. d4 d5 3. Nd2 c5 4. exd5 exd5 5. dxc5 Bxc5 6. Nb3 Bb6 7. Nf3 Nf6 8.
Be2 Nc6 9. c3 O-O 10. O-O Ng4 11. Nfd4 Nce5 12. h3 Qh4 13. hxg4 Bxg4 14. Bf3
Bc7 15. g3 Qh5 16. Bxg4 Nxg4 17. Nf3 Rad8 18. Kg2 Rfe8 19. Qc2 Re4 20. Rh1 Qg6
21. Ng5 f5 22. Nxe4 fxe4 23. Be3 Nxe3+ 24. fxe3 Qxg3+ 25. Kf1 Rf8+ 26. Ke2 Qg2+
27. Kd1 Qxh1+ 28. Kd2 Rf2# 0-1

[Event "4NCL Division 4 South"]
[Site "Reading, ENG"]
[Date "2016.11.27"]
[Round "2.134"]
[White "Tarr, Steve F"]
[Black "Davidson, Laura"]
[Result "1-0"]
[WhiteElo "1840"]
[BlackElo "1525"]
[PlyCount "51"]
[EventDate "2016.11.27"]
[WhiteTeam "Shropshire 2"]
[BlackTeam "Wood Green MM 3"]

1. d4 Nf6 2. Bf4 e6 3. e3 c5 4. Nf3 Nc6 5. c3 d5 6. Nbd2 Bd6 7. Bg3 a6 8. Ne5
Qc7 9. f4 Ne7 10. Bd3 b5 11. O-O Bb7 12. Qf3 h5 13. Bh4 c4 14. Bc2 Rb8 15. Qg3
Kf8 16. f5 Ne4 17. Nxe4 Nxf5 18. Rxf5 exf5 19. Nxd6 Qxd6 20. Bxf5 Kg8 21. Rf1
Rh6 22. Bg5 Rh8 23. Bf4 Re8 24. Nxf7 Qf6 25. Nxh8 Qxf5 26. Be5 1-0

[Event "4NCL Division 4 South"]
[Site "Reading, ENG"]
[Date "2016.11.27"]
[Round "2.135"]
[White "Johnson, Elizabeth"]
[Black "Ross, Stuart"]
[Result "0-1"]
[WhiteElo "1310"]
[BlackElo "1735"]
[PlyCount "172"]
[EventDate "2016.11.27"]
[WhiteTeam "Wood Green MM 3"]
[BlackTeam "Shropshire 2"]

1. e4 c5 2. Nf3 e6 3. d4 cxd4 4. Nxd4 a6 5. Nc3 Qc7 6. Bd3 Nf6 7. O-O Be7 8.
Re1 d6 9. Qe2 Nc6 10. Nxc6 bxc6 11. f4 O-O 12. e5 dxe5 13. fxe5 Nd5 14. Nxd5
cxd5 15. Qh5 g6 16. Qh6 Re8 17. h4 Bf8 18. Qg5 Qe7 19. Qf6 Bg7 20. Qxe7 Rxe7
21. Bg5 Rb7 22. Rab1 Bd7 23. Bf6 Bb5 24. Bxg7 Kxg7 25. Bxb5 axb5 26. a3 Ra4 27.
g3 b4 28. axb4 Raxb4 29. b3 Rc7 30. Re2 Rc3 31. Kg2 Rg4 32. b4 Rcxg3+ 33. Kh2
Rc3 34. b5 Rxh4+ 35. Kg2 Rc7 36. b6 Rb7 37. Re3 Rc4 38. Rb2 Rc6 39. Reb3 f5 40.
exf6+ Kxf6 41. Rf3+ Kg7 42. Rfb3 d4 43. Kf3 Rd6 44. Ke4 Kf6 45. Rf3+ Ke7 46.
Rh3 Rbxb6 47. Rxh7+ Kf6 48. Rxb6 Rxb6 49. Kxd4 Rd6+ 50. Ke4 Rc6 51. Kd3 e5 52.
Rh4 Kf5 53. Rh8 e4+ 54. Kd4 Rxc2 55. Rf8+ Kg4 56. Kxe4 Re2+ 57. Kd3 Re7 58. Rf1
g5 59. Rg1+ Kh5 60. Rh1+ Kg6 61. Rg1 Re5 62. Kd4 Rf5 63. Ke4 Rf4+ 64. Ke5 Ra4
65. Rg2 g4 66. Rg3 Kg5 67. Rg1 Ra3 68. Ke4 g3 69. Rg2 Kg4 70. Rg1 Ra2 71. Ke3
g2 72. Ke4 Kg3 73. Ke3 Rf2 74. Kd3 Rf1 75. Rxg2+ Kxg2 76. Kd4 Kf3 77. Kd5 Kf4
78. Ke6 Rd1 79. Kf6 Rd6+ 80. Ke7 Ke5 81. Kf7 Re6 82. Kg7 Rf6 83. Kg8 Ke6 84.
Kg7 Ke7 85. Kh7 Kf7 86. Kh8 Rh6# 0-1

[Event "4NCL Division 4 South"]
[Site "Reading, ENG"]
[Date "2016.11.27"]
[Round "2.136"]
[White "Peck, Windsor W A"]
[Black "Lazarevic, Ljubica"]
[Result "1/2-1/2"]
[WhiteElo "1547"]
[BlackElo "1292"]
[PlyCount "101"]
[EventDate "2016.11.27"]
[WhiteTeam "Shropshire 2"]
[BlackTeam "Wood Green MM 3"]

1. d4 d5 2. Nf3 Nf6 3. e3 Bf5 4. c4 e6 5. Nc3 c6 6. Be2 Be7 7. O-O O-O 8. Ne5
Nbd7 9. f4 h6 10. cxd5 exd5 11. Bd2 Bd6 12. g4 Bh7 13. Rf2 Ne4 14. Rg2 Nxe5 15.
fxe5 Be7 16. Bf3 Ng5 17. Rg3 Bb4 18. a3 Bxc3 19. Bxc3 Nxf3+ 20. Qxf3 Be4 21.
Qf4 g5 22. Qf6 Qxf6 23. exf6 Rfe8 24. Bb4 Re6 25. Be7 Kh7 26. Rf1 Kg6 27. Rf2
a5 28. h3 b5 29. Rh2 b4 30. h4 gxh4 31. Rxh4 bxa3 32. Bxa3 Rxf6 33. Rxh6+ Kxh6
34. g5+ Kg6 35. gxf6+ Kxf6 36. Kf2 Rh8 37. Ke1 Rh2 38. Rg8 Bd3 39. Ra8 Re2+ 40.
Kd1 Rxe3 41. Kd2 Rf3 42. Rxa5 Bb5 43. Kc2 Kf5 44. Ra7 Ke4 45. Re7+ Kxd4 46. Bb4
c5 47. Bc3+ Rxc3+ 48. bxc3+ Kc4 49. Rxf7 Ba4+ 50. Kd2 Be8 51. Rf4+ 1/2-1/2

[Event "4NCL Division 4 South"]
[Site "Reading, ENG"]
[Date "2017.01.14"]
[Round "3.11"]
[White "Rawlinson, Aidan M"]
[Black "McCorry, Robert T"]
[Result "1-0"]
[WhiteElo "2213"]
[BlackElo "2013"]
[PlyCount "81"]
[EventDate "2017.01.14"]
[WhiteTeam "Oxford 2"]
[BlackTeam "Poisoned Pawns 2"]

1. d4 Nf6 2. c4 e6 3. g3 c5 4. d5 exd5 5. cxd5 d6 6. Nc3 g6 7. Bg2 Bg7 8. Nf3
O-O 9. O-O Re8 10. Bf4 a6 11. a4 Nh5 12. Bg5 Qc7 13. Rc1 Nd7 14. b4 b5 15. bxc5
Nxc5 16. axb5 Qa5 17. Bd2 axb5 18. Ne4 Qb6 19. Nxd6 Rd8 20. Be3 Qxd6 21. Bxc5
Qd7 22. e4 Ra4 23. Nd4 Bb7 24. Bb6 Rb8 25. Nc6 Re8 26. Qb3 Ba6 27. Rfd1 Rc4 28.
Rxc4 bxc4 29. Qa4 Ra8 30. Bf1 Qb7 31. Nd8 Qe7 32. Qc6 Rc8 33. d6 Qe5 34. Bc7
Bb5 35. Qb7 Bd7 36. Bxc4 Qc3 37. Bxf7+ Kf8 38. Be6 Qf3 39. Qb3 Qxe4 40. Bxd7
Bd4 41. Qf7# 1-0

[Event "4NCL Division 4 South"]
[Site "Reading, ENG"]
[Date "2017.01.14"]
[Round "3.12"]
[White "McMahon, Paul"]
[Black "Truran, Michael C"]
[Result "0-1"]
[WhiteElo "1984"]
[BlackElo "2183"]
[PlyCount "58"]
[EventDate "2017.01.14"]
[WhiteTeam "Poisoned Pawns 2"]
[BlackTeam "Oxford 2"]

1. e4 c5 2. Nf3 d6 3. Be2 a6 4. O-O Nf6 5. c3 g6 6. Re1 Bg7 7. d3 O-O 8. Nbd2
Nc6 9. a4 e5 10. Nf1 d5 11. Qc2 h6 12. Ng3 Be6 13. exd5 Nxd5 14. Bf1 b6 15. Bd2
Qd7 16. h4 f5 17. Rad1 Qd6 18. Bc1 Nf4 19. d4 cxd4 20. Nxd4 Nxd4 21. cxd4 e4
22. Bxf4 Qxf4 23. Qc6 Bb3 24. Rc1 Bxd4 25. Qxg6+ Kh8 26. Nh1 e3 27. Re2 exf2+
28. Nxf2 Qxc1 29. Re7 Bxf2+ 0-1

[Event "4NCL Division 4 South"]
[Site "Reading, ENG"]
[Date "2017.01.14"]
[Round "3.13"]
[White "Healey, Michael W"]
[Black "Judkins, Brian D"]
[Result "1-0"]
[WhiteElo "2189"]
[BlackElo "1804"]
[PlyCount "49"]
[EventDate "2017.01.14"]
[WhiteTeam "Oxford 2"]
[BlackTeam "Poisoned Pawns 2"]

1. e4 e5 2. Nf3 Nf6 3. Nxe5 d6 4. Nf3 Nxe4 5. Nc3 Nf6 6. d4 Be7 7. Bd3 O-O 8.
Ne2 Re8 9. O-O Nbd7 10. c3 Nf8 11. Qb3 h6 12. h3 c6 13. Ng3 Ne6 14. Bd2 Qc7 15.
Rae1 Bd7 16. Bb1 d5 17. Qc2 Nf8 18. Ne5 Bd6 19. f4 Rad8 20. b4 b5 21. Qd1 Bc8
22. Nh5 Nxh5 23. Qxh5 Bxe5 24. fxe5 Be6 25. Bxh6 1-0

[Event "4NCL Division 4 South"]
[Site "Reading, ENG"]
[Date "2017.01.14"]
[Round "3.14"]
[White "Ribbands, Patrick C"]
[Black "De Vogelaere, Robin"]
[Result "0-1"]
[WhiteElo "1757"]
[BlackElo "1958"]
[PlyCount "222"]
[EventDate "2017.01.14"]
[WhiteTeam "Poisoned Pawns 2"]
[BlackTeam "Oxford 2"]

1. c4 Nf6 2. Nc3 g6 3. g3 Bg7 4. Bg2 O-O 5. e4 d6 6. Nge2 c5 7. O-O Nc6 8. d3
a6 9. h3 Rb8 10. a4 Nd4 11. Rb1 b5 12. axb5 Nxe2+ 13. Qxe2 axb5 14. Nxb5 Ba6
15. Nc3 e6 16. Be3 Nd7 17. Qd2 Ne5 18. Na2 Nxc4 19. dxc4 Bxc4 20. b4 Bxf1 21.
Bxf1 Qe7 22. Rc1 Rfc8 23. Ba6 Rc6 24. b5 Rcb6 25. Nc3 Ra8 26. Qa2 Bxc3 27. Rxc3
Rxb5 28. Ra3 Rbb8 29. Bd3 Qb7 30. Bf4 Rxa3 31. Qxa3 Ra8 32. Qc3 e5 33. Bh6 Ra4
34. Qc2 Rb4 35. Bc4 Qa8 36. Qd3 Qa1+ 37. Kg2 Qd4 38. Qxd4 exd4 39. Ba6 c4 40.
Bf4 h5 41. Kf3 Rb3+ 42. Ke2 Rb2+ 43. Ke1 Rc2 44. Bxd6 c3 45. Be5 Rc1+ 46. Ke2
c2 47. Kd2 Ra1 48. Kxc2 Rxa6 49. Bxd4 Ra3 50. Kd2 h4 51. Be5 hxg3 52. fxg3 Rb3
53. Ke2 Kf8 54. Kf2 Ke7 55. Bf4 Kd7 56. Be3 Kd6 57. Bf4+ Kc5 58. Be3+ Kc4 59.
Kf3 Kd3 60. e5 Rb1 61. Bf4 Rf1+ 62. Kg4 Ke4 63. h4 Kd5 64. Kg5 Ke6 65. h5 gxh5
66. Kxh5 Kf5 67. Kh6 Rb1 68. Kg7 Rb7 69. Kf8 Ke6 70. Kg8 Rb1 71. Kg7 Rh1 72.
Kg8 Rb1 73. Kf8 Rb3 74. Kg8 Ke7 75. Kg7 Rb6 76. Bg5+ Ke8 77. Bf6 Rb4 78. Bh4
Rg4+ 79. Kf6 Rg6+ 80. Kf5 Kd7 81. Bg5 Kc6 82. g4 Kd5 83. Bf4 Ra6 84. g5 Kd4 85.
Bg3 Ke3 86. Bf4+ Kf3 87. Bc1 Kg3 88. Bf4+ Kh4 89. Bd2 Kh5 90. Be3 Ra3 91. Bf4
Rf3 92. Ke4 Kg4 93. Be3 Rf1 94. Bd2 Rd1 95. Bf4 Re1+ 96. Be3 Re2 97. Kd3 Kf3
98. Bd4 Re1 99. Bb2 Kf4 100. Bc3 Re3+ 101. Kd4 Rxc3 102. Kxc3 Kxe5 103. Kd3 Kf4
104. Ke2 Kxg5 105. Kf3 Kf5 106. Kg3 Ke4 107. Kf2 Kf4 108. Ke2 Kg3 109. Ke3 f5
110. Ke2 f4 111. Kf1 Kf3 0-1

[Event "4NCL Division 4 South"]
[Site "Reading, ENG"]
[Date "2017.01.14"]
[Round "3.15"]
[White "Burrows, Nick"]
[Black "Mountford, Corinne"]
[Result "1/2-1/2"]
[WhiteElo "1871"]
[BlackElo "1701"]
[PlyCount "68"]
[EventDate "2017.01.14"]
[WhiteTeam "Oxford 2"]
[BlackTeam "Poisoned Pawns 2"]

1. e4 d5 2. exd5 Nf6 3. d4 Bg4 4. Nf3 Qxd5 5. Be2 Nc6 6. c3 e6 7. h3 Bh5 8. O-O
Be7 9. Bf4 Qd8 10. Nbd2 Nd5 11. Bg3 h6 12. Re1 O-O 13. Nc4 a6 14. Ne3 Nxe3 15.
fxe3 Bd6 16. Bh4 Qe8 17. e4 e5 18. d5 Ne7 19. Bg3 f6 20. Rf1 Qg6 21. Bf2 Qxe4
22. b3 Qh7 23. c4 b6 24. Qd2 a5 25. a3 Rfe8 26. Rfe1 Kh8 27. Nh2 Bxe2 28. Rxe2
f5 29. Nf3 Ng6 30. Ree1 Qg8 31. b4 axb4 32. axb4 Rxa1 33. Rxa1 Qf8 34. Rb1 Ra8
1/2-1/2

[Event "4NCL Division 4 South"]
[Site "Reading, ENG"]
[Date "2017.01.14"]
[Round "3.16"]
[White "Sahinoz, Giulio O"]
[Black "Cole, Graham"]
[Result "1/2-1/2"]
[WhiteElo "1600"]
[BlackElo "1843"]
[PlyCount "65"]
[EventDate "2017.01.14"]
[WhiteTeam "Poisoned Pawns 2"]
[BlackTeam "Oxford 2"]

1. d4 Nf6 2. Bg5 c5 3. Bxf6 gxf6 4. c3 Qb6 5. Qc2 cxd4 6. cxd4 Nc6 7. e3 d5 8.
Nf3 Bg4 9. Nbd2 Rc8 10. a3 Bd7 11. Qb3 Qxb3 12. Nxb3 Bf5 13. Rc1 e5 14. Bb5 e4
15. Nfd2 Rg8 16. g3 Bd7 17. Nc5 b6 18. Nxd7 Kxd7 19. Ke2 Kd6 20. Rc3 Ne7 21.
Rhc1 Rxc3 22. Rxc3 Bg7 23. b4 Rc8 24. Rxc8 Nxc8 25. Ba4 a6 26. Bb3 b5 27. Nb1
Nb6 28. Nc3 Bf8 29. a4 bxa4 30. Nxa4 Nxa4 31. Bxa4 Ke6 32. b5 axb5 33. Bxb5
1/2-1/2

[Event "4NCL Division 4 South"]
[Site "Reading, ENG"]
[Date "2017.01.14"]
[Round "3.21"]
[White "Fowler, David"]
[Black "Olaleye, Oladejo"]
[Result "1-0"]
[WhiteElo "1886"]
[BlackElo "1870"]
[PlyCount "85"]
[EventDate "2017.01.14"]
[WhiteTeam "CSC Hippos (3)"]
[BlackTeam "Throw in the Tal 2"]

1. d4 d5 2. c4 e6 3. Nc3 Nf6 4. cxd5 exd5 5. e3 Be7 6. Nf3 O-O 7. Bd3 c5 8.
dxc5 Bxc5 9. O-O Bg4 10. h3 Bh5 11. Be2 Nc6 12. a3 a5 13. b3 Re8 14. Bb2 Qd7
15. Rc1 Ba7 16. Nb5 Bb8 17. Bxf6 gxf6 18. Nfd4 Nxd4 19. Nxd4 Qd6 20. g3 Rxe3
21. Nf5 Rxg3+ 22. Nxg3 Bg6 23. Rc8+ Kg7 24. Qc1 Qe6 25. Bg4 f5 26. Bxf5 Qe7 27.
Re1 Qh4 28. Qc3+ d4 29. Qf3 Qg5 30. Bxg6 hxg6 31. Ree8 Bxg3 32. Qxg3 Qxg3+ 33.
fxg3 Rxc8 34. Rxc8 Kf6 35. Re8 Kf5 36. Kf2 g5 37. Ke2 Kg6 38. Kd3 f5 39. Kxd4
f4 40. gxf4 gxf4 41. Ke4 Kg5 42. Rf8 Kh4 43. Kxf4 1-0

[Event "4NCL Division 4 South"]
[Site "Reading, ENG"]
[Date "2017.01.14"]
[Round "3.22"]
[White "Ward, Andrew"]
[Black "Cooke, Charlie"]
[Result "0-1"]
[WhiteElo "1840"]
[BlackElo "1810"]
[PlyCount "68"]
[EventDate "2017.01.14"]
[WhiteTeam "Throw in the Tal 2"]
[BlackTeam "CSC Hippos (3)"]

1. d4 d5 2. c4 e6 3. Nc3 Nf6 4. Nf3 Be7 5. Bf4 c6 6. e3 Nbd7 7. Qc2 O-O 8.
O-O-O Nh5 9. Bg3 g6 10. Be2 dxc4 11. Ne5 Nxg3 12. hxg3 Nxe5 13. dxe5 Qc7 14. f4
b5 15. Ne4 f5 16. exf6 Bxf6 17. Nxf6+ Rxf6 18. Rh6 e5 19. Rdh1 Rf7 20. Rxg6+
hxg6 21. Qxg6+ Kf8 22. Rh8+ Ke7 23. Qg5+ Ke6 24. Re8+ Kd7 25. Rxe5 Qd8 26. Rd5+
cxd5 27. Qxd5+ Ke8 28. Qxa8 Bb7 29. Qxa7 Bf3 30. Qxf7+ Kxf7 31. gxf3 Qa5 32. e4
Qxa2 33. f5 Qa1+ 34. Kc2 Qe1 0-1

[Event "4NCL Division 4 South"]
[Site "Reading, ENG"]
[Date "2017.01.14"]
[Round "3.23"]
[White "Homolka, Vincent"]
[Black "Hendy, Jerry"]
[Result "1-0"]
[WhiteElo "1771"]
[BlackElo "1870"]
[PlyCount "47"]
[EventDate "2017.01.14"]
[WhiteTeam "CSC Hippos (3)"]
[BlackTeam "Throw in the Tal 2"]

1. e4 c5 2. Nc3 e6 3. d3 Nc6 4. g3 d5 5. exd5 exd5 6. Bg2 Be6 7. Nge2 Be7 8.
Nf4 Nf6 9. Nxe6 fxe6 10. O-O a6 11. Re1 Qd6 12. Bf4 e5 13. Bg5 d4 14. Bxf6 Bxf6
15. Ne4 Qe7 16. Qh5+ Kd7 17. f4 Rae8 18. Re2 Kc7 19. Rae1 g6 20. Nxf6 Qxf6 21.
Qf3 Rhf8 22. Qd5 b6 23. fxe5 Qe6 24. Qd6+ 1-0

[Event "4NCL Division 4 South"]
[Site "Reading, ENG"]
[Date "2017.01.14"]
[Round "3.24"]
[White "Woolgar, Steven G"]
[Black "Grey, Nicholas D"]
[Result "1-0"]
[WhiteElo "1757"]
[BlackElo "1745"]
[PlyCount "85"]
[EventDate "2017.01.14"]
[WhiteTeam "Throw in the Tal 2"]
[BlackTeam "CSC Hippos (3)"]

1. c4 e5 2. Nc3 Bb4 3. Qb3 Nc6 4. e3 a5 5. a3 Bxc3 6. Qxc3 d6 7. g3 f5 8. Bg2
Nf6 9. Ne2 O-O 10. d4 Qe8 11. dxe5 Qxe5 12. Bd2 Ne4 13. Qc2 Bd7 14. Bc3 Nxc3
15. Nxc3 f4 16. gxf4 Rxf4 17. Bd5+ Kh8 18. O-O-O Rh4 19. Rde1 Rf8 20. f4 Qh5
21. Reg1 Ne7 22. Rg5 Qe8 23. Rhg1 g6 24. Qf2 Rh6 25. e4 c5 26. h4 Nxd5 27. exd5
Qf7 28. Ne2 Bf5 29. Qe3 Rxh4 30. Qc3+ Qf6 31. Qxf6+ Rxf6 32. Kd2 Rh2 33. R1g2
Rxg2 34. Rxg2 Rf7 35. Nc3 Bh3 36. Rf2 g5 37. Ne4 g4 38. Nxd6 g3 39. Nxf7+ Kg7
40. Rf3 g2 41. Rg3+ Kxf7 42. Ke2 h5 43. Kf2 1-0

[Event "4NCL Division 4 South"]
[Site "Reading, ENG"]
[Date "2017.01.14"]
[Round "3.25"]
[White "Cresswell, Mike J"]
[Black "Zarev, Dragomir"]
[Result "1/2-1/2"]
[WhiteElo "1733"]
[BlackElo "1720"]
[PlyCount "67"]
[EventDate "2017.01.14"]
[WhiteTeam "CSC Hippos (3)"]
[BlackTeam "Throw in the Tal 2"]

1. e4 e5 2. Nf3 Nc6 3. d4 d6 4. Be2 Bg4 5. d5 Bxf3 6. Bxf3 Nb8 7. c4 Nf6 8. Bg5
Nbd7 9. Nd2 Be7 10. Bxf6 Nxf6 11. Qa4+ Qd7 12. Qxd7+ Nxd7 13. h4 O-O 14. g3 a5
15. b3 Nc5 16. Ke2 g6 17. g4 c6 18. h5 cxd5 19. cxd5 b5 20. Nf1 Bg5 21. Ne3
Bxe3 22. fxe3 g5 23. Rhc1 b4 24. Rc4 h6 25. Rac1 Rfb8 26. Rxc5 dxc5 27. Rxc5
Rc8 28. Rc4 Rxc4 29. bxc4 Kf8 30. c5 Rc8 31. c6 Ke7 32. Kd3 Kd6 33. Kc4 Rb8 34.
Bd1 1/2-1/2

[Event "4NCL Division 4 South"]
[Site "Reading, ENG"]
[Date "2017.01.14"]
[Round "3.26"]
[White "Weaver, Simon"]
[Black "Mason, Ian"]
[Result "1/2-1/2"]
[WhiteElo "1540"]
[BlackElo "1546"]
[PlyCount "41"]
[EventDate "2017.01.14"]
[WhiteTeam "Throw in the Tal 2"]
[BlackTeam "CSC Hippos (3)"]

1. d4 Nf6 2. Bf4 e6 3. e3 d5 4. h3 c5 5. c3 Bd6 6. Nf3 O-O 7. Ne5 Nc6 8. Bd3
Qc7 9. Nxc6 bxc6 10. Bg5 Be7 11. Nd2 cxd4 12. cxd4 h6 13. Bf4 Bd6 14. Bxd6 Qxd6
15. O-O e5 16. dxe5 Qxe5 17. Qc2 Bd7 18. Nf3 Qd6 19. Bf5 Bxf5 20. Qxf5 Qd7 21.
Qxd7 1/2-1/2

[Event "4NCL Division 4 South"]
[Site "Reading, ENG"]
[Date "2017.01.14"]
[Round "3.31"]
[White "Finn, Thomas"]
[Black "Davis, Lee"]
[Result "1/2-1/2"]
[WhiteElo "1743"]
[BlackElo "2030"]
[PlyCount "105"]
[EventDate "2017.01.14"]
[WhiteTeam "Sussex Martlets 3"]
[BlackTeam "The Full Ponty"]

1. Nc3 g6 2. e4 d6 3. d4 Bg7 4. f4 Nf6 5. Nf3 c5 6. d5 O-O 7. Bd3 Na6 8. a3 Nc7
9. O-O b5 10. Nxb5 Nxb5 11. Bxb5 Nxe4 12. Re1 Nf6 13. Qe2 e6 14. dxe6 Bxe6 15.
Rd1 Qb6 16. Kh1 a6 17. Ba4 Rab8 18. Rb1 Ba2 19. Ra1 Bd5 20. c4 Be6 21. Be3 Qxb2
22. Qxb2 Rxb2 23. Rxd6 Ne4 24. Rxa6 Bxc4 25. Rc6 Bd5 26. Rc7 Ra8 27. Rd1 Bd4
28. Nxd4 cxd4 29. Bxd4 Nf2+ 30. Bxf2 Rxf2 31. Bc6 Bb3 32. Bxa8 Bxd1 33. g3 Bb3
34. Ra7 Kf8 35. Bc6 Rc2 36. Be4 Rc4 37. Bf3 Rc2 38. Kg1 Be6 39. a4 Ke8 40. a5
Ra2 41. a6 Kd8 42. Ra8+ Kc7 43. a7 Kb6 44. g4 Rxa7 45. Rxa7 Kxa7 46. Kf2 Kb6
47. Kg3 Kc5 48. Be4 Kd4 49. Bb1 f5 50. g5 Ke3 51. Bc2 Bf7 52. Bb1 Ke2 53. Bc2
1/2-1/2

[Event "4NCL Division 4 South"]
[Site "Reading, ENG"]
[Date "2017.01.14"]
[Round "3.32"]
[White "Fletcher, John"]
[Black "Salmons, Calum"]
[Result "0-1"]
[WhiteElo "1995"]
[BlackElo "1643"]
[PlyCount "77"]
[EventDate "2017.01.14"]
[WhiteTeam "The Full Ponty"]
[BlackTeam "Sussex Martlets 3"]

1. d4 Nf6 2. Nc3 c5 3. d5 d6 4. e4 g6 5. Bb5+ Bd7 6. a4 Bg7 7. Nf3 a6 8. Be2
Qa5 9. Bd2 O-O 10. Ra3 Bc8 11. O-O Nbd7 12. h3 Qc7 13. Qc1 e5 14. dxe6 fxe6 15.
Bf4 Qc6 16. Bb5 Qc7 17. Bc4 Nb6 18. Ba2 Kh8 19. e5 Nfd5 20. exd6 Nxc3 21. Rxc3
Qc6 22. Qe3 Nxa4 23. Ne5 Qe8 24. Rd3 Nb6 25. Bh6 Bxh6 26. Qxh6 Nd7 27. Re1 b5
28. c4 b4 29. Rf3 Rxf3 30. Nxf3 Nf6 31. Ne5 Nd7 32. Qf4 a5 33. Re3 a4 34. Rg3
Qf8 35. Qe4 Ra6 36. Rxg6 Rxd6 37. Rh6 Nf6 38. Qf4 Rd4 39. Qxf6+ {Time?} 0-1

[Event "4NCL Division 4 South"]
[Site "Reading, ENG"]
[Date "2017.01.14"]
[Round "3.33"]
[White "Woods, Timothy J"]
[Black "Adams, Mark"]
[Result "0-1"]
[WhiteElo "1672"]
[BlackElo "1965"]
[PlyCount "66"]
[EventDate "2017.01.14"]
[WhiteTeam "Sussex Martlets 3"]
[BlackTeam "The Full Ponty"]

1. e4 c5 2. Nf3 a6 3. c4 e6 4. d4 cxd4 5. Nxd4 Nf6 6. Nc3 Qc7 7. Bd3 Bb4 8. Bd2
O-O 9. O-O d6 10. Rc1 Nbd7 11. Qe2 Ne5 12. a3 Bc5 13. Nf3 Nfg4 14. Nxe5 Nxe5
15. Bb1 Nxc4 16. Bf4 b5 17. Kh1 Qe7 18. e5 Nxe5 19. b4 Bb6 20. Ne4 f6 21. Nxd6
Ng6 22. Bg3 Bd7 23. Rfd1 Ra7 24. Ba2 f5 25. Be5 Nxe5 26. Qxe5 Qf6 27. Re1 Qxe5
28. Rxe5 Bxf2 29. Bxe6+ Bxe6 30. Rxe6 f4 31. Ne4 Be3 32. Rd1 a5 33. Rb6 Bxb6
0-1

[Event "4NCL Division 4 South"]
[Site "Reading, ENG"]
[Date "2017.01.14"]
[Round "3.34"]
[White "Perrett, David C"]
[Black "Howell, Matthew G"]
[Result "1-0"]
[WhiteElo "1957"]
[BlackElo "1552"]
[PlyCount "109"]
[EventDate "2017.01.14"]
[WhiteTeam "The Full Ponty"]
[BlackTeam "Sussex Martlets 3"]

1. d4 e6 2. g3 Nf6 3. Bg2 d5 4. Nf3 b6 5. Ne5 Bb7 6. O-O Bd6 7. f4 Nc6 8. e3
O-O 9. Nd2 Na5 10. Nb3 Nxb3 11. axb3 c5 12. Bd2 Qc7 13. Nd3 Rfc8 14. c3 a5 15.
Nf2 b5 16. Qe2 Ba6 17. Rfe1 c4 18. e4 Bf8 19. e5 Ne8 20. bxc4 bxc4 21. f5 Rcb8
22. fxe6 fxe6 23. Bh3 Bc8 24. Rf1 Rxb2 25. Nd1 Rb7 26. Qg4 g6 27. Qf3 Qe7 28.
Bg5 Qg7 29. Nf2 Rf7 30. Qe2 h5 31. Rfb1 Be7 32. Bc1 Bd8 33. Ba3 Qh6 34. Bc5 g5
35. Bb6 Bxb6 36. Rxb6 g4 37. Bg2 Rb7 38. Bxd5 Rxb6 39. Bxa8 Bb7 40. Bxb7 Rxb7
41. Qxc4 Qg6 42. Qa2 h4 43. Rf1 hxg3 44. hxg3 Rh7 45. Kg2 Qf5 46. Qe2 Rg7 47.
Ne4 Qh5 48. Rf4 a4 49. Nf2 Nc7 50. c4 a3 51. Qa2 Qe8 52. Nxg4 Qc6+ 53. d5 exd5
54. Nf6+ Kh8 55. Rh4+ 1-0

[Event "4NCL Division 4 South"]
[Site "Reading, ENG"]
[Date "2017.01.14"]
[Round "3.35"]
[White "Bennet-Stevens, Lucy"]
[Black "Thomas, Gary"]
[Result "0-1"]
[WhiteElo "1571"]
[BlackElo "1945"]
[PlyCount "44"]
[EventDate "2017.01.14"]
[WhiteTeam "Sussex Martlets 3"]
[BlackTeam "The Full Ponty"]

1. e4 g6 2. d4 Bg7 3. Nf3 d6 4. Be3 Nf6 5. Nc3 O-O 6. Be2 Nc6 7. h3 e5 8. dxe5
Nxe5 9. Nxe5 dxe5 10. O-O Qe7 11. Bd3 c6 12. Qf3 Be6 13. Na4 Nd7 14. c4 f5 15.
Qe2 f4 16. Bd2 f3 17. Qe3 fxg2 18. Kxg2 Rf4 19. Qg3 Raf8 20. Bxf4 exf4 21. Qf3
Ne5 22. Qd1 f3+ 0-1